Mecánica para Ingeniería: Estática
| Main Authors: | , |
|---|---|
| Format: | Section = Libro |
| Language: | Undetermined Spanish |
| Published: |
México
Addison/Wesley
1996
|
| Subjects: |
| LEADER | 00607nam a2200229Ia 4500 | ||
|---|---|---|---|
| 008 | 241007s9999||||xx |||||||||||||| ||und|| | ||
| 020 | |a 0-201-65367-2 | ||
| 040 | |a BIBLIOTECA-RURC/ 620.103 B411e | ||
| 041 | |a spa | ||
| 082 | |a 620.103 B411e | ||
| 100 | 1 | |a Bedford, Anthony | |
| 100 | 1 | |b Fowler, Wallace | |
| 245 | 1 | 0 | |a Mecánica para Ingeniería: Estática |
| 260 | |a México |b Addison/Wesley |c 1996 | ||
| 300 | |a 606 p. :il. | ||
| 650 | 7 | |a NGENIERIA Y MECANICA | |
| 650 | 7 | |b VECTORES | |
| 650 | 7 | |c FUERZAS | |
| 650 | 7 | |d SISTEMAS DE FUERZAS Y MOMENTOS | |
| 942 | |c BK |2 ddc | ||
| 991 | |a TEXTO | ||
| 999 | |c 14429 | ||